000 01176aaa a2200217 4500
001 78712
003 BD-RjUL
005 20211209083150.0
008 211108s1904 ua ||||| |||| 00| 0 ara d
035 _a(BD-RjUL)78938
040 _aBD-RjUL
_beng
_cBD-RjUL
041 _aara
082 _223
_a892.7808
_bQAT 1904
100 1 0 _aQazwini, Khatib Muhammad bin Abdul Rahman ;; القزويني, الخطيب محمد بن عبدالرحمن
_9249661
245 1 4 _aالتلخيص في علوم البلاغة ;; altalkhis fi ulum albalagha /
_cجلال الدين جلال الدين محمد بن عبد الرحمان القزويني الخطيب ; ضبط وشرحه عبد الرحمان البرقوقي البرقوقي, عبد الرحمان ;; Jalal al-Din Jalal al-Din Muhammad ibn Abd al-Rahman al-Qazwini al-Khatib; Edited and explained by Abd al-Rahman al-Barquqi al-Barqouqi, Abd al-Rahman
260 _aMisr :
_b المكتبة التجارية الكبرى ;; ,almaktabat altijariat alkubraa,
_c1904
300 _a439 p. ;
_c19 cm
650 _aArabic literature
_vRhetoric.
_9249662
700 _a-Barqouqi, Abd al-Rahman al-Barquqi
_9249665
942 _2ddc
_cBK
999 _c78712
_d78712